Français célèbres nés à l'étranger - Statistiques

Statistiques générales
  • Ce quiz a été pris 795 fois
  • Le résultat moyen est 7 sur 16
Statistiques - réponses
Pays de naissance Activité Indice Réponse % Correct
Pologne Scientifique Facile : une femme scientifique Marie Curie
86%
Egypte Chanteuse Morte volontairement Dalida
68%
Espagne Politicien N'a pas la côte à Barcelone Manuel Valls
66%
Cameroun Sportif Casse la démarche Samuel Umtiti
61%
Egypte Chanteur Mort accidentellement Claude François
56%
Maroc Politicien La République, c'est lui Jean-Luc Mélenchon
51%
Maroc Humoriste Ne cite pas ses sources Gad Elmaleh
49%
Allemagne Politicien Ancien président Valéry Giscard d'Estaing
45%
Canada Chanteuse Rousse célèbre Mylène Farmer
44%
Italie Chanteur/Acteur A Bicyclette Yves Montand
33%
Pologne Musicien Resta neuf ans aux côtés de George Sand Frédéric Chopin
31%
Vietnam Ecrivaine Son amant reçut le prix Goncourt Marguerite Duras
22%
Sénégal Politicienne Compagne d'un ancien président Ségolène Royal
21%
Turquie Politicien Cohabita avec Jacques Chirac Edouard Balladur
18%
Maroc Acteur Lunettes rondes Jean Reno
17%
Belgique Sportif Plus petit que ses collègues Tony Parker
13%
Aucun quiz correspondant
Distribution des résultats
% des personnes avec chaque résultat
Percentile par nombre de réponses
Votre historique - résultats
Vous n’avez pas pris ce quiz